00789nam a2200229 a 4500008004100000020001500041050001700056100002600073245004900099246005200148260003400200300002400234350000900258490006000267490000600327500007300333650002100406650001300427650004400440650005600484700001900540120416s1982 ||||||||||||||||| || u a0444420568 aHD 108.6 Onr aBennett, David, 1935-10aOn rational groundscedited by David Bennett asystems analysis in catchment land use planning aAmsterdambElsevier Pubc1982 axxxii, 362p. : ill. a0.00 aDevelopments in landscape management and urban planning v4 aOne col. map folded in pocket. -Includes bibliographies and indexes. aSYSTEMS ANALYSIS aPLANNING aLand use--Planning--Mathematical models aWATERSHED MANAGEMENT--PLANNING--MATHEMATICAL MODELS aThomas, John F